000 00809nam a2200253Ia 4500
003 OSt
005 20220930094456.0
006 a|||||r|||| 00| 0
007 ta
008 220926b |||||||| |||| 00| 0 eng d
024 _a72032
037 _cTheses
040 _aCRL
_cCRL
_beng
041 _2eng
_aeng
100 _aSindhwani Fiyanshu Au.
_9555673
110 _aUniversity of Delhi. Faculty of Social Science. Department of economics
245 0 _aCompetition issues in the Indian pharmaceutical history
260 _c2019
300 _a154p.
_ap.
_ccm.
700 _a Bhattacharjea Aditya Gu.
_9550387
700 _aUniversity of Delhi. Faculty of Social Science. Department of economics
942 _cDIS
_2CC
999 _c887179
_d887179